00282nam a2200121Ia 4500008004100000100001800041245003700059260002100096300000800117650001300125942000700138999001500145190216s9999||||xx |||||||||||||| ||und|| aChristopher D 0aVisual Basic Successfull Project bBpb Publications a248 aComputer cBK c8809d8809